Statistics for Taylor Swift 81

Click here to take the quiz!

General Stats

  • This quiz has been taken 9 times
  • The average score is 169 of 243

Answer Stats

Answer% Correct
a
100%
I
100%
just
100%
the
100%
to
100%
were
100%
you
100%
and
89%
be
89%
I'm
89%
in
89%
me
89%
no
89%
not
89%
so
89%
what
89%
all
78%
did
78%
don't
78%
I'll
78%
its
78%
it's
78%
I've
78%
my
78%
now
78%
say
78%
some
78%
than
78%
thing
78%
with
78%
been
67%
'cause
67%
didn't
67%
every
67%
gonna
67%
more
67%
never
67%
should've
67%
time
67%
without
67%
about
56%
because
56%
bigger
56%
come
56%
could've
56%
goodbye
56%
got
56%
live
56%
out
56%
short
56%
single
56%
sky
56%
touch
56%
whole
56%
would've
56%
Asia
44%
becomes
44%
bird
44%
had
44%
lot
44%
meet
44%
over
44%
sadness
44%
sick
44%
words
44%
aftermath
33%
appear
33%
before
33%
believe
33%
eyes
33%
flap
33%
force
33%
into
33%
meant
33%
pine
33%
pray
33%
take
33%
wings
33%
ashes
22%
ears
22%
salt
22%
sea
22%
streams
22%
turned
22%

Score Distribution

Percentile by Number Answered

Percent of People with Each Score

Your Score History

You have not taken this quiz